LEADER 02284nas# 22003731i 450 001 SUN0035856 005 20180308021048.987 010 $d0.00 011 $a1382-6689 100 $a20050505a1996 |0engc50 ba 101 $aeng 102 $aNL 105 $a|||| ||||| 110 $aaB||||||||| 200 1 $a*Environmental toxicology and pharmacology 205 $aVol. 1, n. 1 (1996)- 207 $aAmsterdam : Elsevier, 1996- 210 $avolumi$a26 cm 215 $a8 fasc. l'anno, dal 2003 bimestrale. 620 $dAmsterdam$3SUNL001716 676 $a615.1$cFarmacologia. Farmaci. Farmacia$v22 676 $a571.9$cTossicologia dell'ambiente. Patologia cellulare$v22 712 $aElsevier$3SUNV000127$4650 801 $aIT$bSOL$c20181109$gRICA 856 4 $uhttp://www.sciencedirect.com/science/journal/13826689/39 899 $aUFFICIO DI BIBLIOTECA DEL DIPARTIMENTO DI SCIENZE E TECNOLOGIE AMBIENTALI BIOLOGICHE E FARMACEUTICHE$1IT-CE0101$2SUN17$41998-2001;$cD3/1 ;$nNA230 912 $aSUN0035856 950 $aUFFICIO DI BIBLIOTECA DEL DIPARTIMENTO DI SCIENZE E TECNOLOGIE AMBIENTALI BIOLOGICHE E FARMACEUTICHE$b17 1998-2001;$d17 CONS D3/1 1998 $e17 DSV478 5-6 $d17 CONS D3/1 1999 $e17 DSV569 7-8 $d17 CONS D3/1 2000 $e17 DSV607 8-9 $d17 CONS D3/1 2001 $e17 OM 206 10 995 $aUFFICIO DI BIBLIOTECA DEL DIPARTIMENTO DI SCIENZE E TECNOLOGIE AMBIENTALI BIOLOGICHE E FARMACEUTICHE$bIT-CE0101$gDSV$h478$kCONS D3/1 1998 5-6$oc$qa 995 $aUFFICIO DI BIBLIOTECA DEL DIPARTIMENTO DI SCIENZE E TECNOLOGIE AMBIENTALI BIOLOGICHE E FARMACEUTICHE$bIT-CE0101$gDSV$h569$kCONS D3/1 1999 7-8$oc$qa 995 $aUFFICIO DI BIBLIOTECA DEL DIPARTIMENTO DI SCIENZE E TECNOLOGIE AMBIENTALI BIOLOGICHE E FARMACEUTICHE$bIT-CE0101$gDSV$h607$kCONS D3/1 2000 8-9$oc$qa 995 $aUFFICIO DI BIBLIOTECA DEL DIPARTIMENTO DI SCIENZE E TECNOLOGIE AMBIENTALI BIOLOGICHE E FARMACEUTICHE$bIT-CE0101$gOM$h206$kCONS D3/1 2001 10$oc$qa 996 $aEnvironmental toxicology and pharmacology$9795037 997 $aUNICAMPANIA LEADER 01587nam 2200529 a 450 001 9910782865203321 005 20230829000508.0 010 $a1-281-97385-8 010 $a9786611973858 010 $a1-60557-246-2 035 $a(CKB)1000000000721298 035 $a(SSID)ssj0000134600 035 $a(PQKBManifestationID)11150153 035 $a(PQKBTitleCode)TC0000134600 035 $a(PQKBWorkID)10053991 035 $a(PQKB)10030701 035 $a(MiAaPQ)EBC408061 035 $a(Au-PeEL)EBL408061 035 $a(CaPaEBR)ebr10269264 035 $a(CaONFJC)MIL197385 035 $a(OCoLC)922903414 035 $a(EXLCZ)991000000000721298 100 $a20060328d2006 uy 0 101 0 $aeng 135 $aurcn||||||||| 181 $ctxt 182 $cc 183 $acr 200 10$aDan Poynter's self-publishing manual$b[electronic resource] $ehow to write, print and sell your own book /$fDan Poynter 205 $a15th ed., completely rev. 210 $aSanta Barbara, Calif. $cPara Pub.$d2006 215 $a463 p. $cill 300 $aRev. ed. of: Self-publishing manual. c2003. 311 $a1-56860-134-4 320 $aIncludes bibliographical references and index. 606 $aSelf-publishing$zUnited States 615 0$aSelf-publishing 676 $a070.5/93 700 $aPoynter$b Dan$01474117 701 $aPoynter$b Dan$01474117 801 0$bMiAaPQ 801 1$bMiAaPQ 801 2$bMiAaPQ 906 $aBOOK 912 $a9910782865203321 996 $aDan Poynter's self-publishing manual$93687579 997 $aUNINA